La aptitud agrícola de los suelos : la pedología aplicada a las actividades agropecuarias /
Guardado en:
| Autor Principal: | |
|---|---|
| Formato: | Libro |
| Idioma: | Spanish |
| Publicado: |
México :
Trillas,
1997.
|
| Etiquetas: |
Agregar Etiqueta
Sin Etiquetas, Sea el primero en etiquetar este registro!
|
| LEADER | 00516nam a22001455a 4500 | ||
|---|---|---|---|
| 001 | EEA.libagro006247 | ||
| 005 | 20161020115333.0 | ||
| 008 | 130809s1997####mx#a##########000#0#spa#d | ||
| 020 | |a 9682454344 | ||
| 082 | 0 | 4 | |a 631.4 |
| 100 | 1 | |a Gallegos del Tejo, Arturo. | |
| 245 | 1 | 3 | |a La aptitud agrícola de los suelos : |b la pedología aplicada a las actividades agropecuarias / |c Arturo Gallegos del Tejo. |
| 260 | |a México : |b Trillas, |c 1997. | ||
| 300 | |a 207 p. : |b il. ; |c 23 cm. | ||
| 859 | |a AR-BbBCA |b BIB. AGRONOMIA |h 631.4 |i G166 |p 1999/3608 | ||
